<?xml version="1.0" encoding="UTF-8"?>
<record
    xmlns:xsi="http://www.w3.org/2001/XMLSchema-instance"
    xsi:schemaLocation="http://www.loc.gov/MARC21/slim http://www.loc.gov/standards/marcxml/schema/MARC21slim.xsd"
    xmlns="http://www.loc.gov/MARC21/slim">

  <leader>01196nam a22002537a 4500</leader>
  <controlfield tag="005">20211012090825.0</controlfield>
  <controlfield tag="008">211011b           ||||| |||| 00| 0 eng d</controlfield>
  <datafield tag="020" ind1=" " ind2=" ">
    <subfield code="a">0375501185</subfield>
  </datafield>
  <datafield tag="040" ind1=" " ind2=" ">
    <subfield code="c">AL</subfield>
  </datafield>
  <datafield tag="041" ind1=" " ind2=" ">
    <subfield code="a">eng</subfield>
  </datafield>
  <datafield tag="082" ind1=" " ind2=" ">
    <subfield code="2">23</subfield>
    <subfield code="a">320.55</subfield>
    <subfield code="b">NAIB</subfield>
  </datafield>
  <datafield tag="100" ind1=" " ind2=" ">
    <subfield code="a">V S Naipaul</subfield>
    <subfield code="9">1150</subfield>
  </datafield>
  <datafield tag="245" ind1=" " ind2=" ">
    <subfield code="a">Beyond Belief: Islamic Excursions Among the Converted Peoples</subfield>
  </datafield>
  <datafield tag="260" ind1=" " ind2=" ">
    <subfield code="a">New York</subfield>
    <subfield code="b">Random House</subfield>
    <subfield code="c">1998</subfield>
  </datafield>
  <datafield tag="300" ind1=" " ind2=" ">
    <subfield code="a">xiii,408 p.</subfield>
    <subfield code="b">HB</subfield>
    <subfield code="c">24x17 cm.</subfield>
  </datafield>
  <datafield tag="365" ind1=" " ind2=" ">
    <subfield code="f">24-03-2013</subfield>
  </datafield>
  <datafield tag="520" ind1=" " ind2=" ">
    <subfield code="a">Naipaul draws a distinction between Arab countries and the countries of "converted peoples" where the adoption of Islam involves to some extent the adoption of Arabic culture. The book describes his five-month journey in 1995 revisiting four Muslim countries: Indonesia, Iran, Pakistan and Malaysia.
Naipaul takes the view that "The British period--two hundred years in some places, less than a hundred years in others--was a time of Hindu regeneration."</subfield>
    <subfield code="u">https://www.pinterest.com/pin/609041549592493600/</subfield>
  </datafield>
  <datafield tag="650" ind1=" " ind2=" ">
    <subfield code="a">Political Science</subfield>
    <subfield code="9">1151</subfield>
  </datafield>
  <datafield tag="650" ind1=" " ind2=" ">
    <subfield code="a">Islam and Politics</subfield>
    <subfield code="9">1152</subfield>
  </datafield>
  <datafield tag="650" ind1=" " ind2=" ">
    <subfield code="a">Islamic Countries</subfield>
    <subfield code="9">1153</subfield>
  </datafield>
  <datafield tag="651" ind1=" " ind2=" ">
    <subfield code="a">Asia</subfield>
    <subfield code="9">1154</subfield>
  </datafield>
  <datafield tag="700" ind1=" " ind2=" ">
    <subfield code="d">NAIPAUL (V S)</subfield>
    <subfield code="9">1155</subfield>
  </datafield>
  <datafield tag="942" ind1=" " ind2=" ">
    <subfield code="2">ddc</subfield>
    <subfield code="c">GF</subfield>
  </datafield>
  <datafield tag="999" ind1=" " ind2=" ">
    <subfield code="c">216570</subfield>
    <subfield code="d">216570</subfield>
  </datafield>
  <datafield tag="952" ind1=" " ind2=" ">
    <subfield code="0">0</subfield>
    <subfield code="1">0</subfield>
    <subfield code="2">ddc</subfield>
    <subfield code="4">0</subfield>
    <subfield code="7">0</subfield>
    <subfield code="8">PS</subfield>
    <subfield code="a">AL</subfield>
    <subfield code="b">AL</subfield>
    <subfield code="d">2013-03-24</subfield>
    <subfield code="l">1</subfield>
    <subfield code="o">320.55 NAIB</subfield>
    <subfield code="p">GF01043</subfield>
    <subfield code="r">2024-01-05 00:00:00</subfield>
    <subfield code="s">2024-01-03</subfield>
    <subfield code="u">https://www.pinterest.com/pin/609041549592493600/</subfield>
    <subfield code="w">2013-03-24</subfield>
    <subfield code="y">GF</subfield>
  </datafield>
</record>
